书目信息 |
| 题名: |
实用彩色摄影
|
|
| 作者: | 胡致仁 编 | |
| 分册: | ||
| 出版信息: | 上海 科学技术出版社 1959 |
|
| 页数: | 53页 | |
| 开本: | 19cm | |
| 丛书名: | ||
| 单 册: | ||
| 中图分类: | TB861 | |
| 科图分类: | ||
| 主题词: | 彩色摄影 , 摄影--各种 , 摄影技术--各种 | |
| 电子资源: | ||
| ISBN: | ||
| 000 | 00630nam0 2200253 45 981 | |
| 001 | 0631409523 | |
| 005 | 20060808165904.96 | |
| 010 | @dCNY0.22 | |
| 091 | @a15119.654 | |
| 100 | @a19971223d1959 emky0chiy0121 ea | |
| 101 | 0 | @achi |
| 102 | @aCN@b310000 | |
| 105 | @afa z 000yy | |
| 106 | @ar | |
| 200 | 10 | @a实用彩色摄影@Ashi yong cai se she ying@f胡致仁编 |
| 210 | @a上海@c科学技术出版社@d1959 | |
| 215 | @a53页@c表,图@d19cm | |
| 606 | @a彩色摄影 | |
| 606 | 0 | @a摄影@x各种 |
| 606 | 0 | @a摄影技术@x各种 |
| 690 | @aTB861@v3 | |
| 701 | 0 | @a胡致仁@4编@Ahu zhi ren |
| 801 | 0 | @c20060808 |
| 905 | @a10447@dTB861@e123 | |
| 实用彩色摄影/胡致仁编 .-上海:科学技术出版社,1959 |
| 53页:表,图;19cm |
| ISBN :CNY0.22 |
| ● |
| 相关链接 |
|
|
|
|
正题名:实用彩色摄影
索取号:TB861/123
 
预约/预借
| 序号 | 登录号 | 条形码 | 馆藏地/架位号 | 状态 | 备注 |
| 1 | 0451689 | 204516899 | 密集书库/ [索取号:TB861/123] | 在馆 |